Czy znasz wszystkie drużyny Major League Baseball? - Statystyki

Ogólne statystyki
  • Ten quiz został rozwiązany 7 razy
  • Średni wynik to 12 z 30
Statystyki odpowiedzi
% Poprawnych
Boston Red Sox
83%
New York Yankees
83%
Chicago White Sox
67%
New York Mets
67%
San Francisco Giants
67%
Arizona Diamondbacks
50%
Atlanta Braves
50%
Baltimore Orioles
50%
Chicago Cubs
50%
Houston Astros
50%
Los Angeles Angels
50%
Los Angeles Dodgers
50%
Miami Marlins
50%
Philadelphia Phillies
50%
St. Louis Cardinals
50%
Texas Rangers
50%
Toronto Blue Jays
50%
Cleveland Guardians
33%
Minesotta Twins
33%
Pittsburgh Pirates
33%
San Diego Padres
33%
Cincinnati Reds
17%
Colorado Rockies
17%
Detroit Tigers
17%
Kansas City Royals
17%
Milwaukee Brewers
17%
Seattle Mariners
17%
Washington Nationals
17%
Oakland Athetics
0%
Tampa Bay Lightning
0%
Nie znaleziono quizów pasujących do podanych kryteriów
Rozkład punktacji
Procent ludzi z każdym wynikiem
Percentyl według liczby udzielonych odpowiedzi
Twoja historia wyników
Nie rozwiązałeś tego quizu